00456nam a22001337a 450000500170000008200210001710000240003824500430006226000400010530000110014594200120015699900190016895201350018720260530122047.0 a581.634095 OWS.H aReed, Oswald915446 aHandbook of medicinal plants of asia / aJaipur :bAgrotech press ,cc2024. a280 p. 2ddccBK c758822d758822 00102ddc4070aBOTbBOTcGENd2026-04-21eSouthern Book Starl0o581.634095 OWS.HpBOT10968r2026-04-21 12:52:32w2026-04-21yBK